[Event "Dinamarca ch 2007"]
[Site "Aalborg DEN"]
[Date "2007.03.31"]
[Round "1.1"]
[White "Pedersen, Steffen"]
[Black "Lund, Esben"]
[Result "0-1"]
[WhiteElo "2439"]
[BlackElo "2309"]
[PlyCount "92"]
[EventDate "2007.03.31"]
[EventType "swiss"]
[EventRounds "9"]
[EventCountry "DEN"]
[Source "lmi"]
[SourceDate "2007.03.31"]

1. e4 e5 2. Nf3 Nc6 3. Bb5 Nf6 4. O-O Nxe4 5. d4 Nd6 6. Bg5 Be7 7. Bxe7 Qxe7 8.
Bxc6 dxc6 9. dxe5 Nf5 10. Nc3 Be6 11. Qd2 h6 12. Ne4 Rd8 13. Qf4 g5 14. Qc1 Kd7
15. g4 Nh4 16. Nxh4 gxh4 17. Qe3 b6 18. h3 Kc8 19. Nf6 Qb4 20. b3 Qd2 21. Qxd2
Rxd2 22. Rac1 Rhd8 23. Ne4 R2d4 24. Nc3 b5 25. f4 b4 26. Ne2 Re4 27. Rf2 c5 28.
Kf1 c4 29. Re1 Rd2 30. f5 Bd5 31. Nc1 Rxf2+ 32. Kxf2 Rxe1 33. Kxe1 Bg2 34. Kf2
Bxh3 35. Kf3 h5 36. gxh5 Bxf5 37. bxc4 Bxc2 38. h6 Kd7 39. Nb3 Ke7 40. Nc5 a5
41. Kg4 Kf8 42. e6 Bb1 43. Kxh4 fxe6 44. Nxe6+ Kf7 45. Nxc7 Bxa2 46. Ne6 Kg8
0-1

[Event "Dinamarca ch 2007"]
[Site "Aalborg DEN"]
[Date "2007.03.31"]
[Round "1.2"]
[White "Sahl, Bjarke"]
[Black "Hansen, Lars Bo"]
[Result "0-1"]
[WhiteElo "2381"]
[BlackElo "2575"]
[PlyCount "76"]
[EventDate "2007.03.31"]
[EventType "swiss"]
[EventRounds "9"]
[EventCountry "DEN"]
[Source "lmi"]
[SourceDate "2007.03.31"]

1. e4 e6 2. d4 d5 3. Nc3 Bb4 4. e5 Ne7 5. a3 Bxc3+ 6. bxc3 b6 7. h4 Ba6 8. Bxa6
Nxa6 9. h5 h6 10. Qg4 Nf5 11. Qe2 Nb8 12. g4 Ne7 13. f4 Qd7 14. Nf3 Nbc6 15. a4
Na5 16. f5 exf5 17. g5 O-O-O 18. Bf4 Rde8 19. Kf2 hxg5 20. Nxg5 Nec6 21. Qd3
Nc4 22. Rag1 Nd8 23. Nf3 Ne6 24. Qxf5 g6 25. hxg6 fxg6 26. Qg4 Rxh1 27. Rxh1
Qxa4 28. Kg3 Kb7 29. Qxg6 Nxf4 30. Kxf4 Rf8+ 31. Kg3 Ne3 32. Rh7 Nf5+ 33. Kh3
Qa1 34. e6 Qxc3 35. Qg4 Nd6 36. Kg3 Ne4+ 37. Kh4 Rxf3 38. e7 Qe1+ 0-1

[Event "Dinamarca ch 2007"]
[Site "Aalborg DEN"]
[Date "2007.03.31"]
[Round "1.3"]
[White "Rasmussen, Casper"]
[Black "Schandorff, Lars"]
[Result "1/2-1/2"]
[WhiteElo "2327"]
[BlackElo "2536"]
[PlyCount "55"]
[EventDate "2007.03.31"]
[EventType "swiss"]
[EventRounds "9"]
[EventCountry "DEN"]
[Source "lmi"]
[SourceDate "2007.03.31"]

1. Nf3 Nf6 2. c4 e6 3. Nc3 Bb4 4. Qc2 O-O 5. a3 Bxc3 6. Qxc3 b6 7. e3 Bb7 8.
Be2 d6 9. O-O a5 10. b3 Nbd7 11. Bb2 Qe7 12. b4 c5 13. d4 Ne4 14. Qb3 Rab8 15.
Rad1 f5 16. dxc5 bxc5 17. b5 Nb6 18. Nd2 Nf6 19. Bc3 Ra8 20. a4 Rfd8 21. Qa3
Ne4 22. Nxe4 Bxe4 23. f3 Bb7 24. Rf2 d5 25. Bd4 Rac8 26. Bc3 Ra8 27. Bd4 Rac8
28. Bc3 1/2-1/2

[Event "Dinamarca ch 2007"]
[Site "Aalborg DEN"]
[Date "2007.03.31"]
[Round "1.4"]
[White "Pedersen, Nicolai Vesterbaek"]
[Black "Matthiesen, Martin"]
[Result "1-0"]
[WhiteElo "2466"]
[BlackElo "2365"]
[PlyCount "49"]
[EventDate "2007.03.31"]
[EventType "swiss"]
[EventRounds "9"]
[EventCountry "DEN"]
[Source "lmi"]
[SourceDate "2007.03.31"]

1. d4 d5 2. c4 dxc4 3. Nf3 Nf6 4. e3 e6 5. Bxc4 c5 6. O-O a6 7. Bb3 b5 8. a4 b4
9. e4 Bb7 10. e5 Ne4 11. Nbd2 Be7 12. Nxe4 Bxe4 13. Re1 Bb7 14. Be3 cxd4 15.
Nxd4 O-O 16. Qg4 g6 17. Bh6 Re8 18. Nxe6 Qc8 19. h3 Nc6 20. Ng5 Bxg5 21. Qxg5
Qd8 22. Qf4 Qe7 23. e6 fxe6 24. Rxe6 Qxe6 25. Qf6 1-0

[Event "Dinamarca ch 2007"]
[Site "Aalborg DEN"]
[Date "2007.03.31"]
[Round "1.5"]
[White "Boe, Mads"]
[Black "Rasmussen, Karsten"]
[Result "0-1"]
[WhiteElo "2351"]
[BlackElo "2462"]
[PlyCount "62"]
[EventDate "2007.03.31"]
[EventType "swiss"]
[EventRounds "9"]
[EventCountry "DEN"]
[Source "lmi"]
[SourceDate "2007.03.31"]

1. e4 Nf6 2. e5 Nd5 3. d4 d6 4. Nf3 Bg4 5. Be2 e6 6. c4 Nb6 7. exd6 cxd6 8. O-O
Be7 9. Be3 O-O 10. Nc3 d5 11. cxd5 Nxd5 12. Qb3 Nxe3 13. fxe3 Qc7 14. Rac1 Nc6
15. Ne4 Rac8 16. Bb5 Bf5 17. Nc5 b6 18. Nd7 Qxd7 19. Bxc6 Qd6 20. Bb7 Rc7 21.
Rxc7 Qxc7 22. Ba6 Bd6 23. Qc3 Qd7 24. Rc1 Be4 25. Ne5 Qa4 26. Qc4 Qa5 27. Nf3
Bxf3 28. gxf3 Qd2 29. Rc2 Qxe3+ 30. Kg2 Qf4 31. Qc3 Qe5 0-1

[Event "Dinamarca ch 2007"]
[Site "Aalborg DEN"]
[Date "2007.03.31"]
[Round "1.6"]
[White "Hansen, Sune Berg"]
[Black "Jakobsen, Ole"]
[Result "1-0"]
[WhiteElo "2560"]
[BlackElo "2379"]
[PlyCount "81"]
[EventDate "2007.03.31"]
[EventType "swiss"]
[EventRounds "9"]
[EventCountry "DEN"]
[Source "lmi"]
[SourceDate "2007.03.31"]

1. e4 c5 2. Nf3 e6 3. d3 Nc6 4. g3 Nge7 5. Bg2 g6 6. O-O Bg7 7. c3 e5 8. Be3 d6
9. Qd2 O-O 10. Bh6 f6 11. Bxg7 Kxg7 12. Na3 Bg4 13. Nc2 Qd7 14. d4 Rad8 15.
Rfe1 b6 16. b4 cxb4 17. cxb4 b5 18. a4 bxa4 19. b5 Nb8 20. Qd3 Nc8 21. Rxa4 a6
22. Rb4 axb5 23. Rxb5 Nc6 24. Reb1 Rf7 25. Nd2 Qe8 26. Qe3 Bd7 27. R5b2 Nxd4
28. Nxd4 exd4 29. Qxd4 Qe5 30. Qb4 Be6 31. Nf3 Qc5 32. Qd2 Bd7 33. Nd4 Re8 34.
Rb7 Qh5 35. h4 Ree7 36. Rc1 Bg4 37. Rb5 Re5 38. f3 Bd7 39. Rb7 Qh6 40. Qxh6+
Kxh6 41. Rxc8 1-0

[Event "Dinamarca ch 2007"]
[Site "Aalborg DEN"]
[Date "2007.03.31"]
[Round "1.7"]
[White "Hoi, Carsten"]
[Black "Brinck-Claussen, Bjorn"]
[Result "1/2-1/2"]
[WhiteElo "2418"]
[BlackElo "2346"]
[PlyCount "33"]
[EventDate "2007.03.31"]
[EventType "swiss"]
[EventRounds "9"]
[EventCountry "DEN"]
[Source "lmi"]
[SourceDate "2007.03.31"]

1. d4 d5 2. Nf3 e6 3. c4 c5 4. cxd5 exd5 5. Bg5 Be7 6. Bxe7 Nxe7 7. dxc5 Qa5+
8. Nc3 Nbc6 9. e3 Bg4 10. Qa4 Qxa4 11. Nxa4 Bxf3 12. gxf3 d4 13. O-O-O O-O-O
14. Bb5 dxe3 15. fxe3 Ne5 16. Be2 Nd5 17. f4 1/2-1/2

[Event "Dinamarca ch 2007"]
[Site "Aalborg DEN"]
[Date "2007.03.31"]
[Round "1.8"]
[White "Pilgaard, Kim"]
[Black "Brautsch, Soren"]
[Result "1-0"]
[WhiteElo "2412"]
[BlackElo "2295"]
[PlyCount "57"]
[EventDate "2007.03.31"]
[EventType "swiss"]
[EventRounds "9"]
[EventCountry "DEN"]
[Source "lmi"]
[SourceDate "2007.03.31"]

1. e4 c6 2. d4 d5 3. e5 Bf5 4. Nc3 e6 5. g4 Bg6 6. Nge2 c5 7. Be3 Nc6 8. dxc5
Nxe5 9. Nd4 Be7 10. Bb5+ Kf8 11. f4 Bh4+ 12. Kf1 Nc4 13. Bxc4 dxc4 14. f5 exf5
15. gxf5 Qe7 16. Bf4 Rd8 17. Bd6 Rxd6 18. cxd6 Qe3 19. Qf3 Qxd4 20. fxg6 hxg6
21. Rd1 Qb6 22. Kg2 Rh5 23. Rhf1 Rf5 24. Qe4 Nf6 25. Qxh4 Qc6+ 26. Kg1 Qc5+ 27.
Rf2 Rh5 28. Qd4 Qc6 29. d7 1-0

[Event "Dinamarca ch 2007"]
[Site "Aalborg DEN"]
[Date "2007.03.31"]
[Round "1.10"]
[White "Jaksland, Tim"]
[Black "Rasmussen, Allan Stig"]
[Result "0-1"]
[WhiteElo "2297"]
[BlackElo "2389"]
[PlyCount "58"]
[EventDate "2007.03.31"]
[EventType "swiss"]
[EventRounds "9"]
[EventCountry "DEN"]
[Source "lmi"]
[SourceDate "2007.03.31"]

1. e4 c6 2. c4 d5 3. cxd5 cxd5 4. exd5 Nf6 5. Qa4+ Nbd7 6. Nc3 g6 7. Nf3 Bg7 8.
Bc4 O-O 9. d3 a6 10. Qa3 Nb6 11. Qb3 Bf5 12. O-O Rc8 13. Re1 Nfd7 14. Bg5 Nc5
15. Qa3 Re8 16. Rad1 h6 17. Bh4 g5 18. Bg3 Bg4 19. d6 exd6 20. Rxe8+ Qxe8 21.
Re1 Qc6 22. b4 Ne6 23. b5 axb5 24. Nxb5 d5 25. Na7 Qc5 26. Qxc5 Rxc5 27. Bb3
Bxf3 28. gxf3 Ra5 29. Bc7 Nxc7 0-1

[Event "Dinamarca ch 2007"]
[Site "Aalborg DEN"]
[Date "2007.03.31"]
[Round "1.11"]
[White "Kristensen, Kaare"]
[Black "Kristiansen, Jens"]
[Result "1/2-1/2"]
[WhiteElo "2316"]
[BlackElo "2429"]
[PlyCount "94"]
[EventDate "2007.03.31"]
[EventType "swiss"]
[EventRounds "9"]
[EventCountry "DEN"]
[Source "lmi"]
[SourceDate "2007.03.31"]

1. e4 g6 2. d4 Bg7 3. Nc3 d6 4. Be3 a6 5. Qd2 Nd7 6. h4 h5 7. O-O-O b5 8. f3
Nb6 9. Nh3 Bxh3 10. Rxh3 Nf6 11. e5 b4 12. exf6 bxc3 13. Qxc3 Bxf6 14. Bg5
Bxg5+ 15. hxg5 e6 16. f4 Nd5 17. Qd2 O-O 18. Bc4 f5 19. gxf6 Qxf6 20. Bxd5 exd5
21. Rf1 Rae8 22. f5 Re4 23. c3 Rg4 24. Rff3 Qg5 25. Qxg5 Rxg5 26. fxg6 Rxf3 27.
gxf3 Kg7 28. f4 Rg1+ 29. Kc2 Kxg6 30. Kb3 Rf1 31. Rh4 Rf2 32. a4 c5 33. dxc5
dxc5 34. Ka3 Rf3 35. a5 Rg3 36. Rh2 Rg4 37. b4 Rxf4 38. Rd2 cxb4+ 39. cxb4 h4
40. Rxd5 h3 41. b5 Rf5 42. Rd3 h2 43. Rg3+ Rg5 44. Rh3 Rh5 45. Rxh2 Rxh2 46.
bxa6 Rh4 47. a7 Rh8 1/2-1/2

[Event "Dinamarca ch 2007"]
[Site "Aalborg DEN"]
[Date "2007.03.31"]
[Round "1.12"]
[White "Bromann, Thorbjorn"]
[Black "Damm, Kasper Wilken"]
[Result "1-0"]
[WhiteElo "2399"]
[BlackElo "2270"]
[PlyCount "97"]
[EventDate "2007.03.31"]
[EventType "swiss"]
[EventRounds "9"]
[EventCountry "DEN"]
[Source "lmi"]
[SourceDate "2007.03.31"]

1. e4 c5 2. Nf3 Nc6 3. Bb5 g6 4. O-O Bg7 5. Re1 e5 6. b4 Nxb4 7. Bb2 a6 8. a3
Nc6 9. Bxc6 dxc6 10. Nxe5 Qc7 11. Nc4 Bxb2 12. Nxb2 Nf6 13. h3 Be6 14. Qf3 Nd7
15. Nd3 c4 16. Nf4 Qe5 17. Nc3 O-O-O 18. Nxe6 fxe6 19. Ne2 g5 20. d4 cxd3 21.
cxd3 h5 22. d4 g4 23. Qe3 Qf6 24. e5 Qe7 25. Rab1 gxh3 26. Qxh3 Nf8 27. Nc3
Qxa3 28. Qe3 Rh7 29. Ra1 Qb4 30. Ra4 Qb3 31. Qd3 Qb6 32. Rb1 Qa7 33. Ne4 b5 34.
Ra3 Qxd4 35. Qc2 Rc7 36. Rxa6 Qxe5 37. Nc5 Nd7 38. Ra8+ Nb8 39. Na6 Kb7 40.
Nxc7 Kxc7 41. Qh7+ Rd7 42. Ra7+ Kd8 43. Rxd7+ Nxd7 44. Rd1 Qc7 45. Qf7 Kc8 46.
Qe8+ Qd8 47. Qxe6 c5 48. Qa6+ Kc7 49. Rd6 1-0

[Event "Dinamarca ch 2007"]
[Site "Aalborg DEN"]
[Date "2007.04.01"]
[Round "2.3"]
[White "Schandorff, Lars"]
[Black "Pilgaard, Kim"]
[Result "1/2-1/2"]
[WhiteElo "2536"]
[BlackElo "2412"]
[PlyCount "47"]
[EventDate "2007.03.31"]
[EventType "swiss"]
[EventRounds "9"]
[EventCountry "DEN"]
[Source "lmi"]
[SourceDate "2007.03.31"]

1. d4 Nf6 2. c4 e6 3. Nc3 c5 4. d5 exd5 5. cxd5 d6 6. e4 g6 7. h3 Bg7 8. Nf3
O-O 9. Bd3 Nbd7 10. Bf4 Re8 11. O-O Nh5 12. Bh2 Ne5 13. Be2 Nxf3+ 14. Bxf3 Nf6
15. Qd2 a6 16. Rfe1 b5 17. e5 Nd7 18. exd6 Ne5 19. Bxe5 Bxe5 20. Re2 Bxd6 21.
Rxe8+ Qxe8 22. Re1 Qd8 23. Ne4 Bf5 24. Nxd6 1/2-1/2

[Event "Dinamarca ch 2007"]
[Site "Aalborg DEN"]
[Date "2007.04.01"]
[Round "2.4"]
[White "Kristiansen, Jens"]
[Black "Brinck-Claussen, Bjorn"]
[Result "1-0"]
[WhiteElo "2429"]
[BlackElo "2346"]
[PlyCount "83"]
[EventDate "2007.03.31"]
[EventType "swiss"]
[EventRounds "9"]
[EventCountry "DEN"]
[Source "lmi"]
[SourceDate "2007.03.31"]

1. e4 e6 2. d3 d5 3. Nd2 Nf6 4. Ngf3 Be7 5. g3 O-O 6. Bg2 c5 7. O-O Nc6 8. Re1
b5 9. e5 Ne8 10. Nf1 a5 11. h4 b4 12. Bg5 Nc7 13. c4 bxc3 14. bxc3 Ba6 15. Ne3
Rb8 16. Qd2 d4 17. cxd4 cxd4 18. Nc4 Nd5 19. Bxe7 Ndxe7 20. Rac1 Rb4 21. Qf4
Bxc4 22. Rxc4 Rxc4 23. dxc4 Qb6 24. Bf1 Qb2 25. Qe4 f5 26. exf6 Rxf6 27. Bd3 g6
28. Re2 Qc3 29. Ng5 e5 30. Kg2 a4 31. h5 Rf5 32. Nf3 gxh5 33. Rc2 Qa3 34. Qe2
Rf7 35. Ng5 Rg7 36. Qxh5 Ng6 37. Bf5 Nd8 38. c5 d3 39. Rd2 Qxc5 40. Rxd3 Qc6+
41. Kg1 Qb6 42. Qf3 1-0

[Event "Dinamarca ch 2007"]
[Site "Aalborg DEN"]
[Date "2007.04.01"]
[Round "2.5"]
[White "Hansen, Lars Bo"]
[Black "Glud, Jakob Vang"]
[Result "1/2-1/2"]
[WhiteElo "2575"]
[BlackElo "2425"]
[PlyCount "61"]
[EventDate "2007.03.31"]
[EventType "swiss"]
[EventRounds "9"]
[EventCountry "DEN"]
[Source "lmi"]
[SourceDate "2007.03.31"]

1. d4 d5 2. Nf3 Nf6 3. c4 c6 4. Nc3 a6 5. cxd5 cxd5 6. Bf4 g6 7. Rc1 Bg7 8. e3
O-O 9. Be2 Nc6 10. Ne5 Nxe5 11. Bxe5 Ne4 12. Bxg7 Nxc3 13. Rxc3 Kxg7 14. Qb3
Be6 15. O-O Qd7 16. Rfc1 Rfc8 17. Qb4 Rxc3 18. Rxc3 Rc8 19. Rc5 Bf5 20. h3 Rxc5
21. Qxc5 h6 22. b4 Qd6 23. Qc3 Bd7 24. Bf3 Qc6 25. Qc5 e6 26. Bd1 b6 27. Qxc6
Bxc6 28. a4 a5 29. b5 Be8 30. f4 f6 31. h4 1/2-1/2

[Event "Dinamarca ch 2007"]
[Site "Aalborg DEN"]
[Date "2007.04.01"]
[Round "2.7"]
[White "Jakobsen, Ole"]
[Black "Jacobsen, Bo"]
[Result "1-0"]
[WhiteElo "2379"]
[BlackElo "2301"]
[PlyCount "57"]
[EventDate "2007.03.31"]
[EventType "swiss"]
[EventRounds "9"]
[EventCountry "DEN"]
[Source "lmi"]
[SourceDate "2007.03.31"]

1. d4 Nf6 2. c4 c5 3. d5 e5 4. Nc3 d6 5. e4 Nbd7 6. Be2 Be7 7. a3 Nf8 8. Rb1
Ng6 9. g3 h5 10. h4 Bg4 11. Nf3 O-O 12. Nh2 Bxe2 13. Qxe2 Qd7 14. Nf1 a6 15.
Bg5 Ng4 16. f3 Nf6 17. Ne3 Rfb8 18. a4 Nf8 19. Nf5 Bd8 20. O-O g6 21. Nh6+ Kg7
22. f4 Qh3 23. Qf2 N8d7 24. f5 Be7 25. Qe3 Rh8 26. Rf2 Ng4 27. Nxg4 Bxg5 28.
Qxg5 hxg4 29. f6+ 1-0

[Event "Dinamarca ch 2007"]
[Site "Aalborg DEN"]
[Date "2007.04.01"]
[Round "2.8"]
[White "Sahl, Bjarke"]
[Black "Brautsch, Soren"]
[Result "1-0"]
[WhiteElo "2381"]
[BlackElo "2295"]
[PlyCount "82"]
[EventDate "2007.03.31"]
[EventType "swiss"]
[EventRounds "9"]
[EventCountry "DEN"]
[Source "lmi"]
[SourceDate "2007.03.31"]

1. d4 e6 2. e4 d5 3. e5 c5 4. c3 Nc6 5. Nf3 Qb6 6. Bd3 Bd7 7. O-O cxd4 8. cxd4
Nxd4 9. Nxd4 Qxd4 10. Qe2 Ne7 11. Nc3 Nc6 12. Re1 a6 13. Kh1 Qh4 14. f4 g6 15.
Be3 Qd8 16. Qf2 b5 17. Bb6 Qb8 18. Rad1 Be7 19. Bb1 O-O 20. Bc5 Bxc5 21. Qxc5
Qa7 22. Qxa7 Rxa7 23. g4 Ne7 24. Kg2 Rc7 25. Kg3 Kg7 26. h4 Rh8 27. f5 exf5 28.
Nxd5 Nxd5 29. Rxd5 fxg4 30. Red1 Be6 31. Rd6 Rc5 32. Kf4 a5 33. b3 a4 34. bxa4
bxa4 35. R1d4 Ra8 36. a3 Raa5 37. Re4 Rc1 38. Bd3 Rc3 39. Be2 Rxa3 40. Bxg4
Bxg4 41. Kxg4 h5+ 1-0

[Event "Dinamarca ch 2007"]
[Site "Aalborg DEN"]
[Date "2007.04.01"]
[Round "2.9"]
[White "Matthiesen, Martin"]
[Black "Jaksland, Tim"]
[Result "1-0"]
[WhiteElo "2365"]
[BlackElo "2297"]
[PlyCount "55"]
[EventDate "2007.03.31"]
[EventType "swiss"]
[EventRounds "9"]
[EventCountry "DEN"]
[Source "lmi"]
[SourceDate "2007.03.31"]

1. e4 c5 2. Nf3 Nc6 3. d4 cxd4 4. Nxd4 g6 5. c4 Bg7 6. Nc2 Nf6 7. Nc3 d6 8. Be2
O-O 9. O-O Nd7 10. Bd2 Nc5 11. b4 Ne6 12. Rc1 Ncd4 13. Nxd4 Nxd4 14. Be3 e5 15.
Nb5 Nxb5 16. cxb5 Be6 17. Bc4 Qd7 18. a4 Rfd8 19. Bd5 h6 20. Qd2 Kh7 21. Rc3
Bxd5 22. Qxd5 Qe7 23. Rfc1 Rd7 24. a5 Qe6 25. Rc7 Qxd5 26. exd5 Rad8 27. Bxa7
e4 28. Bb6 1-0

[Event "Dinamarca ch 2007"]
[Site "Aalborg DEN"]
[Date "2007.04.01"]
[Round "2.10"]
[White "Kristensen, Kaare"]
[Black "Hoi, Carsten"]
[Result "1/2-1/2"]
[WhiteElo "2316"]
[BlackElo "2418"]
[PlyCount "71"]
[EventDate "2007.03.31"]
[EventType "swiss"]
[EventRounds "9"]
[EventCountry "DEN"]
[Source "lmi"]
[SourceDate "2007.03.31"]

1. e4 g6 2. d4 Bg7 3. Be3 c6 4. Nc3 Qb6 5. Rb1 d6 6. h3 Nd7 7. Qd2 Qc7 8. Nf3
Ngf6 9. Bd3 O-O 10. Bh6 e5 11. dxe5 Nxe5 12. Nxe5 dxe5 13. Ne2 Nh5 14. g4 Nf4
15. Bxg7 Kxg7 16. Nxf4 exf4 17. Ke2 Qe5 18. Kf3 g5 19. Kg2 Be6 20. f3 Bxa2 21.
Ra1 Be6 22. h4 h6 23. Qb4 b6 24. hxg5 hxg5 25. Rh5 c5 26. Qc3 Qxc3 27. bxc3 c4
28. e5 cxd3 29. Rxg5+ Kh6 30. Rh5+ Kg6 31. Rah1 Rfd8 32. Rh7 Bxg4 33. fxg4 d2
34. R1h6+ Kg5 35. Kh3 d1=Q 36. Rh5+ 1/2-1/2

[Event "Dinamarca ch 2007"]
[Site "Aalborg DEN"]
[Date "2007.04.01"]
[Round "2.11"]
[White "Pedersen, Steffen"]
[Black "Rasmussen, Casper"]
[Result "1-0"]
[WhiteElo "2439"]
[BlackElo "2327"]
[PlyCount "79"]
[EventDate "2007.03.31"]
[EventType "swiss"]
[EventRounds "9"]
[EventCountry "DEN"]
[Source "lmi"]
[SourceDate "2007.03.31"]

1. d4 d5 2. c4 c6 3. Nc3 Nf6 4. e3 a6 5. Nf3 b5 6. c5 Nbd7 7. a3 Qc7 8. b4 e5
9. a4 Rb8 10. axb5 axb5 11. dxe5 Nxe5 12. Nxe5 Qxe5 13. Qd4 Qe6 14. Bb2 Be7 15.
Be2 O-O 16. O-O Ne8 17. e4 dxe4 18. Nxe4 f5 19. Qe5 Rb7 20. Qxe6+ Bxe6 21. Nc3
Bc4 22. Rfe1 Nf6 23. Bf3 Nd5 24. Nxd5 cxd5 25. Ra6 Rc8 26. h3 Kf7 27. Re5 g6
28. Rxd5 Rbc7 29. Rd1 Rd8 30. Rxd8 Bxd8 31. Be5 Re7 32. Bd6 Re1+ 33. Kh2 Rc1
34. Ra7+ Ke6 35. Bf4 Rc2 36. Ra6+ Kf7 37. Ra7+ Ke6 38. c6 Bf6 39. c7 Bd5 40.
Ra6+ 1-0

[Event "Dinamarca ch 2007"]
[Site "Aalborg DEN"]
[Date "2007.04.01"]
[Round "2.12"]
[White "Damm, Kasper Wilken"]
[Black "Boe, Mads"]
[Result "0-1"]
[WhiteElo "2270"]
[BlackElo "2351"]
[PlyCount "152"]
[EventDate "2007.03.31"]
[EventType "swiss"]
[EventRounds "9"]
[EventCountry "DEN"]
[Source "lmi"]
[SourceDate "2007.03.31"]

1. c4 f5 2. g3 Nf6 3. Bg2 g6 4. Nc3 Bg7 5. e3 O-O 6. Nge2 d6 7. d3 c6 8. O-O e5
9. Rb1 Be6 10. Qc2 d5 11. d4 e4 12. c5 b5 13. b4 a6 14. a4 Ra7 15. Bd2 g5 16.
Ra1 Rc7 17. Ra3 Bh6 18. Rfa1 Nh5 19. axb5 axb5 20. Qa2 Qd7 21. f4 exf3 22. Bxf3
Nf6 23. Ra7 Bf7 24. Rxc7 Qxc7 25. Qa7 Qc8 26. Bg2 Re8 27. Rf1 Bh5 28. Nc1 Ne4
29. Nxe4 dxe4 30. Bh3 Bf3 31. Re1 Qe6 32. Qa2 Qxa2 33. Nxa2 g4 34. Bf1 Rd8 35.
Bc3 Na6 36. Nc1 Nc7 37. Nb3 Nd5 38. Bd2 Ra8 39. Na5 Ne7 40. Kf2 Kf7 41. Ra1 Bg5
42. Ra3 Ke6 43. Nc4 Rxa3 44. Nxa3 Bd1 45. Nb1 h5 46. Nc3 Bb3 47. Be2 h4 48. Kg2
h3+ 49. Kf2 Bc2 50. Bc1 Bf6 51. Bd2 Bg7 52. Bc1 Bh8 53. Bd2 Bf6 54. Bc1 Nd5 55.
Nxd5 Kxd5 56. Bd2 Bd3 57. Bd1 Kc4 58. Be1 f4 59. Bxg4 fxe3+ 60. Kg1 Kb3 61. d5
cxd5 62. c6 Bd8 63. Bxh3 d4 64. Bf5 Bc4 65. Bxe4 d3 66. Bxd3 Bxd3 67. g4 Be4
68. Kf1 Bf3 69. h3 Kc4 70. Bg3 Bxc6 71. Ke2 Bb6 72. Bd6 Kd5 73. Be7 Ke4 74. g5
Be8 75. h4 Bh5+ 76. Ke1 Bc7 0-1

[Event "Dinamarca ch 2007"]
[Site "Aalborg DEN"]
[Date "2007.04.02"]
[Round "3.1"]
[White "Pilgaard, Kim"]
[Black "Rasmussen, Karsten"]
[Result "0-1"]
[WhiteElo "2412"]
[BlackElo "2462"]
[PlyCount "54"]
[EventDate "2007.03.31"]
[EventType "swiss"]
[EventRounds "9"]
[EventCountry "DEN"]
[Source "lmi"]
[SourceDate "2007.03.31"]

1. e4 c6 2. d4 d5 3. exd5 cxd5 4. c4 Nf6 5. Nc3 e6 6. Nf3 Bb4 7. Bd3 dxc4 8.
Bxc4 O-O 9. O-O b6 10. Bg5 Bb7 11. Ne5 Nc6 12. Bxf6 Qxf6 13. Nd7 Qh4 14. Nxf8
Rxf8 15. a3 Bd6 16. g3 Qh3 17. d5 Ne5 18. Be2 exd5 19. Nxd5 Bc5 20. b4 Rd8 21.
Nf4 Qc8 22. Qa4 Rd2 23. bxc5 Rxe2 24. Nxe2 Bc6 25. Qf4 Nf3+ 26. Kh1 g5 27. Qd6
Qh3 0-1

[Event "Dinamarca ch 2007"]
[Site "Aalborg DEN"]
[Date "2007.04.02"]
[Round "3.3"]
[White "Pedersen, Nicolai Vesterbaek"]
[Black "Rasmussen, Allan Stig"]
[Result "0-1"]
[WhiteElo "2466"]
[BlackElo "2389"]
[PlyCount "80"]
[EventDate "2007.03.31"]
[EventType "swiss"]
[EventRounds "9"]
[EventCountry "DEN"]
[Source "lmi"]
[SourceDate "2007.03.31"]

1. d4 d5 2. c4 dxc4 3. Nf3 Nf6 4. e3 e6 5. Bxc4 c5 6. O-O a6 7. Bb3 Nbd7 8. Re1
b5 9. e4 Bb7 10. Nbd2 cxd4 11. e5 Nd5 12. Ne4 Nc5 13. Bg5 Qd7 14. Qxd4 Nxe4 15.
Qxe4 h6 16. Qh4 Be7 17. Bxe7 Qxe7 18. Qg4 O-O 19. Nd2 Qg5 20. Qxg5 hxg5 21. Ne4
Nf4 22. Rad1 Bxe4 23. Rxe4 Rfd8 24. Rd6 Rxd6 25. exd6 Rd8 26. h4 Rxd6 27. hxg5
Nd3 28. Re2 Nc1 29. Re3 Rd3 30. Kf1 Rxe3 31. fxe3 Nxb3 32. axb3 Kh7 33. Ke2 Kg6
34. Kd3 Kxg5 35. Kd4 Kg4 36. Kc5 Kg3 37. Kb6 Kxg2 38. Kxa6 b4 39. Kb5 Kf3 40.
Kxb4 g5 0-1

[Event "Dinamarca ch 2007"]
[Site "Aalborg DEN"]
[Date "2007.04.02"]
[Round "3.5"]
[White "Glud, Jakob Vang"]
[Black "Hansen, Sune Berg"]
[Result "0-1"]
[WhiteElo "2425"]
[BlackElo "2560"]
[PlyCount "112"]
[EventDate "2007.03.31"]
[EventType "swiss"]
[EventRounds "9"]
[EventCountry "DEN"]
[Source "lmi"]
[SourceDate "2007.03.31"]

1. d4 Nf6 2. Nf3 e6 3. c4 d5 4. g3 Bb4+ 5. Bd2 Be7 6. Bg2 O-O 7. O-O c6 8. Qb3
b6 9. Bf4 Ba6 10. Nbd2 Nbd7 11. Ne5 Nxe5 12. Bxe5 Qd7 13. Rfd1 Rac8 14. e4 Rfd8
15. Rac1 h6 16. Bf4 Bb7 17. c5 bxc5 18. dxc5 Ba6 19. e5 Nh7 20. Ne4 Rb8 21. Qa3
Be2 22. Rd2 Bh5 23. Nd6 Nf8 24. Be3 f6 25. f4 fxe5 26. fxe5 Nh7 27. h4 g5 28.
Rd4 Bg6 29. b4 Bf8 30. hxg5 Nxg5 31. Bf4 Qc7 32. Qe3 Be7 33. a4 a6 34. Qe2 Ra8
35. Qg4 Kh7 36. Kf2 Rf8 37. Rh1 Kg7 38. Ke2 Rh8 39. Bxg5 Bxg5 40. Rf1 Rae8 41.
Rdf4 Re7 42. Rf6 Rb8 43. Bh3 Qd7 44. Kd1 Kh7 45. Rxg6 Kxg6 46. Rf6+ Kh7 47. Bf1
Rg7 48. Rxe6 Rf8 49. Bd3+ Kg8 50. Bf5 Qd8 51. Qh5 Qb8 52. Rg6 Qa7 53. e6 Rxg6
54. Bxg6 Qg7 55. Bf7+ Kh8 56. Nf5 Qb2 0-1

[Event "Dinamarca ch 2007"]
[Site "Aalborg DEN"]
[Date "2007.04.02"]
[Round "3.6"]
[White "Jakobsen, Ole"]
[Black "Schandorff, Lars"]
[Result "1/2-1/2"]
[WhiteElo "2379"]
[BlackElo "2536"]
[PlyCount "75"]
[EventDate "2007.03.31"]
[EventType "swiss"]
[EventRounds "9"]
[EventCountry "DEN"]
[Source "lmi"]
[SourceDate "2007.03.31"]

1. d4 Nf6 2. c4 e6 3. Nf3 b6 4. Nc3 Bb7 5. a3 d5 6. Bg5 Be7 7. Bxf6 Bxf6 8.
cxd5 exd5 9. Qb3 O-O 10. Rd1 c6 11. e3 Na6 12. Be2 Re8 13. O-O Nc7 14. Rfe1 g6
15. h3 Bg7 16. Bf1 Ne6 17. e4 c5 18. exd5 Nxd4 19. Rxe8+ Qxe8 20. Nxd4 cxd4 21.
Nb5 Qd7 22. d6 Rd8 23. Rd2 Re8 24. Qd1 a6 25. Nxd4 Bh6 26. Re2 Rxe2 27. Nxe2
Bf8 28. Nc3 Bxd6 29. Bc4 Qe7 30. Bd5 Bxd5 31. Nxd5 Qe5 32. Nxb6 Qh2+ 33. Kf1
Be5 34. Qd5 Bxb2 35. Nc4 Bg7 36. Nd6 Qf4 37. g3 Qf6 38. Kg2 1/2-1/2

[Event "Dinamarca ch 2007"]
[Site "Aalborg DEN"]
[Date "2007.04.02"]
[Round "3.7"]
[White "Hoi, Carsten"]
[Black "Boe, Mads"]
[Result "1/2-1/2"]
[WhiteElo "2418"]
[BlackElo "2351"]
[PlyCount "38"]
[EventDate "2007.03.31"]
[EventType "swiss"]
[EventRounds "9"]
[EventCountry "DEN"]
[Source "lmi"]
[SourceDate "2007.03.31"]

1. e4 c6 2. d4 d5 3. Nc3 dxe4 4. Nxe4 Bf5 5. Ng3 Bg6 6. f4 e6 7. Nf3 Ne7 8. Bd3
Nf5 9. c3 Nd7 10. Nxf5 Bxf5 11. Bxf5 exf5 12. O-O Be7 13. Re1 O-O 14. Qb3 Rb8
15. Be3 Nf6 16. Rad1 Qc7 17. Ne5 Bd6 18. Bf2 b5 19. Bh4 Nd5 1/2-1/2